The teratogenic effects of exercise and pregnancy outcome in mice /

Bibliographic Details
Main Author: Boehnke, William Henry
Format: Thesis Microform Book
Language:English
Published: [Place of publication not identified] : [publisher not identified] ; 1986.
Subjects:

MARC

Tag First Indicator Second Indicator Subfields
LEADER 00000cam a2200000 a 4500
001 in00000017018
005 20151007053346.0
007 he bmb|||||||
008 861028r19861986orua bb 00010 eng d
035 |a (OCoLC)14554262 
035 |9 AAB1367AM 
040 |a WAY  |c WAY  |d HPE  |d TXA  |d UtOrBLW 
049 |a TXAI 
099 |a fiche  |a C  |a 9681 
100 1 |a Boehnke, William Henry. 
245 1 4 |a The teratogenic effects of exercise and pregnancy outcome in mice /  |c by William Henry Boehnke. 
264 1 |a [Place of publication not identified] :  |b [publisher not identified] ;  |c 1986. 
300 |a x, 63 leaves :  |b illustrations 
336 |a text  |b txt  |2 rdacontent 
337 |a microform  |b h  |2 rdamedia 
338 |a microfiche  |b he  |2 rdacarrier 
502 |b M.S.  |c Washington State University  |d 1986. 
504 |a Bibliography: leaves 46-50. 
533 |a Microfiche.  |b Eugene :  |c Microform Publications, College of Human Development and Performance, University of Oregon,  |d 1986.  |e 1 microfiche : negative ; 11 x 15 cm. 
500 |a Microform. 
650 0 |a Exercise for women  |x Physiological aspects. 
650 0 |a Pregnancy. 
650 0 |a Teratogenesis. 
999 |a MARS 
999 f f |s 40e30a0f-ef91-3904-816f-57860cf99251  |i faccc316-c5c1-3d5b-be90-732fb2176bd5  |t 0 
952 f f |p normal  |a Texas A&M University  |b College Station  |c Sterling C. Evans Library  |d Evans: Microforms (3rd floor)  |t 0  |e fiche C 9681  |h Other scheme  |i microform -- microfiche  |m A14823247539 
998 f f |a fiche C 9681  |t 0  |l Evans: Microforms (3rd floor)